000 00373nam a2200169Ia 4500
100 _aRamakrishnan/P
650 _aMetallurgy
942 _cBK
366 _f20
654 _aPowder metallurgy
245 _aPowder metallurgy
260 _bNew Age Interational Ltd.
_aNew Delhi
_c2007
082 _a671.37/RAM
_bRAM
300 _a381
546 _aENGLISH
999 _c26143
_d26143